LAPD : (Record no. 7772)

MARC details
000 -LEADER
fixed length control field 00404nam a22001577a 4500
003 - CONTROL NUMBER IDENTIFIER
control field GBCCL
005 - DATE AND TIME OF LATEST TRANSACTION
control field 20241126110636.0
008 - FIXED-LENGTH DATA ELEMENTS--GENERAL INFORMATION
fixed length control field 180920b ||||| |||| 00| 0 eng d
040 ## - CATALOGING SOURCE
Transcribing agency gbc
082 ## - DEWEY DECIMAL CLASSIFICATION NUMBER
Classification number VER 813.54
Item number GIN
100 ## - MAIN ENTRY--PERSONAL NAME
Personal name Ginkhenpau, Valte
9 (RLIN) 13560
245 ## - TITLE STATEMENT
Title LAPD :
Remainder of title itna ziak a sihna gimnei thubuai suikhiakna
260 ## - PUBLICATION, DISTRIBUTION, ETC.
Place of publication, distribution, etc. Lamka :
Name of publisher, distributor, etc. Author,
Date of publication, distribution, etc. 2018
300 ## - PHYSICAL DESCRIPTION
Extent 66p. ;
942 ## - ADDED ENTRY ELEMENTS (KOHA)
Source of classification or shelving scheme Dewey Decimal Classification
Koha item type Books
Koha issues (borrowed), all copies 2
Holdings
Withdrawn status Lost status Source of classification or shelving scheme Damaged status Not for loan Collection Home library Current Library Shelving location Date acquired Total checkouts Full call number Barcode Date last seen Copy number Price effective from Koha item type Date last checked out
    Dewey Decimal Classification       GRACE BIBLE COLLEGE GRACE BIBLE COLLEGE Vernacular 2018-09-20   VER 813.54 GIN 020027 2025-05-01 c.1 2018-09-20 Books  
    Dewey Decimal Classification       GRACE BIBLE COLLEGE GRACE BIBLE COLLEGE Vernacular 2018-09-20 2 VER 813.54 GIN 020028 2025-05-01 c.2 2018-09-20 Books 2018-11-09
© Grace Bible College Library 2025